000 00310nam a2200133Ia 4500
100 _aKerzer/ Harold
942 _cRB
654 _aproject
245 _aProject Management : Systems Approach to Planning
260 _bC.B.S Publishers
_c2002
082 _a658.404
_bKER
300 _a937
546 _aENGLISH
999 _c20870
_d20870